Biblical hermeneutics : (Record no. 121002)
[ view plain ]
| 000 -LEADER | |
|---|---|
| fixed length control field | 01090cam a22003014a 4500 |
| 001 - CONTROL NUMBER | |
| control field | 17178046 |
| 003 - CONTROL NUMBER IDENTIFIER | |
| control field | ARRUPE |
| 005 - DATE AND TIME OF LATEST TRANSACTION | |
| control field | 20140930131914.0 |
| 008 - FIXED-LENGTH DATA ELEMENTS--GENERAL INFORMATION | |
| fixed length control field | 120223s2012 ilu b 001 0 eng |
| 010 ## - LIBRARY OF CONGRESS CONTROL NUMBER | |
| LC control number | 2012005238 |
| 020 ## - INTERNATIONAL STANDARD BOOK NUMBER | |
| International Standard Book Number | 9780830839636 (pbk. : alk. paper) |
| 040 ## - CATALOGING SOURCE | |
| Original cataloging agency | DLC |
| Transcribing agency | DLC |
| Modifying agency | DLC |
| 042 ## - AUTHENTICATION CODE | |
| Authentication code | pcc |
| 050 00 - LIBRARY OF CONGRESS CALL NUMBER | |
| Classification number | BS476 |
| Item number | .B4945 2012 |
| 082 00 - DEWEY DECIMAL CLASSIFICATION NUMBER | |
| Classification number | 220.601 |
| Edition number | 23 |
| 300 ## - PHYSICAL DESCRIPTION | |
| Dimensions | 23 cm. |
| 245 00 - TITLE STATEMENT | |
| Title | Biblical hermeneutics : |
| Remainder of title | five views / |
| Statement of responsibility, etc | edited by Stanley E. Porter and Beth M. Stovell ; with contributions by Craig L. Blomberg ... [et al.]. |
| 260 ## - PUBLICATION, DISTRIBUTION, ETC. (IMPRINT) | |
| Place of publication, distribution, etc | Downers Grove, Ill. : |
| Name of publisher, distributor, etc | IVP Academic, |
| Date of publication, distribution, etc | c2012. |
| 300 ## - PHYSICAL DESCRIPTION | |
| Extent | 224 p. ; |
| 490 0# - SERIES STATEMENT | |
| Series statement | Spectrum multiview book |
| 504 ## - BIBLIOGRAPHY, ETC. NOTE | |
| Bibliography, etc | Includes bibliographical references and index. |
| 630 00 - SUBJECT ADDED ENTRY--UNIFORM TITLE | |
| Uniform title | Bible |
| General subdivision | Hermeneutics. |
| 9 (RLIN) | 11815 |
| 700 1# - ADDED ENTRY--PERSONAL NAME | |
| Personal name | Porter, Stanley E., |
| Dates associated with a name | 1956- |
| 9 (RLIN) | 11816 |
| 700 1# - ADDED ENTRY--PERSONAL NAME | |
| Personal name | Stovell, Beth M., |
| Dates associated with a name | 1978- |
| 9 (RLIN) | 11817 |
| 700 1# - ADDED ENTRY--PERSONAL NAME | |
| Personal name | Blomberg, Craig. |
| 9 (RLIN) | 11818 |
| 906 ## - LOCAL DATA ELEMENT F, LDF (RLIN) | |
| a | 7 |
| b | cbc |
| c | orignew |
| d | 1 |
| e | ecip |
| f | 20 |
| g | y-gencatlg |
| 942 ## - ADDED ENTRY ELEMENTS (KOHA) | |
| Source of classification or shelving scheme | Library of Congress Classification |
| Koha item type | Monograph ( Printed materials) |
| Withdrawn status | Lost status | Source of classification or shelving scheme | Damaged status | Not for loan | Collection code | Home library | Current library | Shelving location | Date acquired | Total Checkouts | Full call number | Barcode | Date last seen | Price effective from | Koha item type |
|---|---|---|---|---|---|---|---|---|---|---|---|---|---|---|---|
| Library of Congress Classification | Main Collection | ARRUPE LIBRARY | ARRUPE LIBRARY | Main Collection | 30/09/2014 | BS476 .B4945 2012 | 46500003879 | 30/09/2014 | 30/09/2014 | Monograph ( Printed materials) |